Normal view
MARC view
Entry Personal Name
001 - CONTROL NUMBER
- control field: 84398
003 - CONTROL NUMBER IDENTIFIER
- control field: dpl
005 - DATE AND TIME OF LATEST TRANSACTION
- control field: 20250827125113.0
008 - FIXED-LENGTH DATA ELEMENTS
- fixed length control field: 250827|| aca||aabn | a|a d
040 ## - CATALOGING SOURCE
- Original cataloging agency: dpl
- Transcribing agency: dpl
100 ## - HEADING--PERSONAL NAME
- Personal name: Sridhar, S
670 ## - SOURCE DATA FOUND
- Source citation: Work cat.: (dpl)213184: Sridhar, S. , Problem Solving And Programming In C: , 2025
